|
|
|
|
| LEADER |
00879nam a22002538a 4500 |
| 001 |
00024842 |
| 005 |
20171026081022.0 |
| 008 |
110724s2004 ||||||viesd |
| 020 |
|
|
|c 14500
|
| 041 |
0 |
# |
|a vie
|
| 082 |
1 |
4 |
|a 621.3
|b GI108TR
|
| 100 |
1 |
# |
|a Đặng Văn Đào
|
| 245 |
1 |
0 |
|a Giáo trình Kỹ thuật điện
|b Sách dùng cho các trường đào tạo hệ THCN
|c Đặng Văn Đào ch.b, Lê Văn Doanh
|
| 250 |
# |
# |
|a Tái bản lần thứ 2
|
| 260 |
# |
# |
|a H.
|b Giáo dục
|c 2004
|
| 300 |
# |
# |
|a 175tr.
|b hình vẽ
|c 24 cm.
|
| 650 |
# |
4 |
|a Giáo trình
|
| 650 |
# |
4 |
|a Kỹ thuật điện
|
| 650 |
# |
4 |
|a Mạch điện
|
| 700 |
1 |
# |
|a Lê Văn Doanh
|
| 852 |
# |
# |
|b Kho đọc
|j KD.0010317
|
| 852 |
# |
# |
|j KD.0010317
|
| 910 |
0 |
# |
|a Ntuyet
|d 24/07/2011
|
| 980 |
# |
# |
|a Trung tâm Học liệu Lê Vũ Hùng, Trường Đại học Đồng Tháp
|